1929 1006 1907 1633 1432 1017 1135 1568 1430 1000 1907 1442 1192 1961 1806 1327 1054 1851 1230 1791 1208 1023 1987 1226 1725 1446 1131 1969 1384 1260 1062 1924 1922 1077 1258 1815 1678 1812 1430 1080 1264 1787 1414 1721 1684 1988 1568 1863 1685 1642 1809 1409 1294 1150 1258 1879 1758 1919 1420 1971 1619 1850 1868 1677 1653 1495 1775 1949 1125 1793 1330 1906 1337 1259 1463 1861 1187 1269 1423 1608 1265 1538 1007 1108 1585 1516 1574 1001 1246 1668 1490 1792 1239 1732 1008 1738 1442 1312 1762 BCNSPRNW ULIB Ver.6.0+V

เปลี่ยนเป็นภาษาไทย

Change to English
 แสดงรายละเอียดบรรณานุกรม
  กลับหน้าหลัก

Brief Record : Get Marc (ISO 2709) : E-mail record : QR code < ปิดหน้าต่าง
LEADER : 00000nam 2200000uu 4500
001    13399122621
003     ULIB
008    130819s2010||||th 000 0 eng d
020    ^a9781605476520 (pbk.)
060 04 ^aQS4^bM822C
100 1  ^aMoore, Keith L.
245 10 ^aClinically oriented anatomy /^cKeith L. Moore, Arthur F.
250    ^a6th ed.
260    ^aPhiladelphia, Pa. :^bLippincott Williams & Wilkins,^c2010
300    ^axxix, 1134 p. :^bill. (chiefly col.) ;^c28 cm.
500    ^aPrevious ed.: 2006
504    ^aIncludes bibliographical references and index
650  0 ^aHuman anatomy
650  0 ^aAnatomy, Pathological
650  2 ^aAnatomy
700 1  ^aDalley, Arthur F.
700 1  ^aAgur, A. M. R.
945    ^p0^l0^i20073
999    ^aทศพร เกษรทอง
รายการนี้ยังไม่มีแท็ก
คุณยังไม่ได้ล็อกอิน คุณสามารถมีกิจกรรมร่วมกับเว็บไซต์ได้ แต่ต้องล็อกอินก่อน ::
  ล็อกอิน

รายการสื่อสารสนเทศ

ลำดับที่ ประเภท เลขเรียก/บาร์โค้ด สถานที่ สถานะ
1. วิทยาศาสตร์การแพทย์ และสุขภาพ
วิทยาศาสตร์การแพทย์ และสุขภาพ
QS4 M822C C.1 
  Barcode: 20073
ห้องสมุดวิทยาเขตสวรรค์ประชารักษ์
►หนังสือทั่วไป
บนชั้น

รายการใกล้เคียง
    ผู้แต่ง [Moore, Keith L.]

    หัวเรื่อง [Human anatomy]
    หัวเรื่อง [Anatomy]

BibComment


ยังไม่เคยถูกคอมเมนท์

คอมเมนท์ทรัพยากรรายการนี้
  คอมเมนท์: Clinically orien..


 Copyright 2026. Bcnsprnw @Library